20万都市 - Statistics

General Stats
  • This quiz has been taken 95 times
  • The average score is 7 of 13
Answers on the Grid
Answers color-coded by a green-red scale on the quiz's grid according to % correct below.
函館市
江別市
横須賀市
四日市市
周南市
小樽市
山形市
米沢市
青森市
那覇市
鈴鹿市
春日井市
八戸市
沼津市
津市
富士市
川越市
一宮市
高岡市
春日部市
宇和島市
大和市
歌志内市
帯広市
鹿屋市
久留米市
宝塚市
藤沢市
町田市
山口市
市原市
下関市
 
Answer Stats
Answer % Correct
下関市
67%
青森市
64%
富士市
64%
八戸市
61%
宝塚市
61%
津市
59%
春日部市
58%
大和市
55%
函館市
53%
山形市
52%
市原市
48%
四日市市
47%
久留米市
39%
No matching quizzes found
Score Distribution
Percent of People with Each Score
Percentile by Number Answered
Your Score History
You have not taken this quiz